01353 2200397 4500001002100000005001500021035002000036007000300056008004100059020002200100040002200122082001400144084001600158090001900174100002400193245012300217250003000340300005800370650001600428700002900444700002900473700003700502850001200539264004100551336002100592337003000613338002300643440003200666041001300698500007700711546006600788490003300854504002800887990002000915990002000935INLIS00000000085164820191106020833 a0010-1019000375ta191010s2018 jkia a ind d a978-602-268-232-5 aYOPDYOGbinderda04223a028.5 a028.5 YOL s aPK 028.5 YOL s0 aYoli Hemdiepenulis10aSi bebe burung beo yang cerdik /cYoli Hemdi; penyunting, Arif Anggoro; ilustrator, Joy Subarjah, Yusuf M. Suriawinata aCetakan I, September 2018 aiv, 34 halaman :bilustrasi, gambar berwarna ;c23 cm 4aBacaan anak0 aArif Anggoroepenyunting0 aJoy Subarjaheilustrator0 aYusuf M. Suriawinataeilustrator aYOPDYOG34aJakarta :bLuxima metro media,c2018 2rdacontentateks 2rdamediaatanpa perantara 2rdacarrieravolume aSeri dongeng untuk si kecil aindhfre aJudul asli: Histoires a raconter pour les bebes: Histoires avec mon papa aTeks dalam bahasa Indonesia diterjemahkan dari bahasa Prancis aSeri binatang asli indonesia aBibliografi: halaman 34 a41932-PD/B.2019 a41933-PD/B.2019